Estudio de prefactibilidad para la creación de una pequeña empresa que elabore productos naturales para el cabello a base de suelda consuelda
El estudio presenta un estudio de prefactibilidad para la creación de una pequeña empresa que elabore productos naturales para el cabello a base de suelda consuelda, describe la situación actual de la empresa, determina la demanda del champú, determina los elementos técnicos y de producción pa...
| Main Authors: | , |
|---|---|
| Other Authors: | |
| Format: | Tesis Section = Libro |
| Language: | Undetermined Spanish |
| Published: |
Managua
UNI
2020
|
| Subjects: |
| LEADER | 01441nam a2200277Ia 4500 | ||
|---|---|---|---|
| 008 | 240830s9999 xx 000 0 und d | ||
| 040 | |a BIBLIOTECA-RUPAP Mon 658.11 A357 | ||
| 041 | |a spa | ||
| 082 | |a Mon 658.11 A357 | ||
| 100 | 1 | |a Aldana Álvarez, Elizabeth de María | |
| 100 | 1 | |b Mendoza Ramírez, Pável Daniel | |
| 245 | 1 | 0 | |a Estudio de prefactibilidad para la creación de una pequeña empresa que elabore productos naturales para el cabello a base de suelda consuelda |
| 260 | |a Managua |b UNI |c 2020 | ||
| 300 | |a 113 p. :il. | ||
| 500 | |a Contiene: anexos y CD. | ||
| 502 | |a Tesis (Ingeniero Industrial)- UNI, 2020. | ||
| 520 | 3 | |a El estudio presenta un estudio de prefactibilidad para la creación de una pequeña empresa que elabore productos naturales para el cabello a base de suelda consuelda, describe la situación actual de la empresa, determina la demanda del champú, determina los elementos técnicos y de producción para el apropiado funcionamiento de la empresa, define los requerimientos legales para el adecuado funcionamiento, evalúa la rentabilidad del negocio por medio de los indicadores financieros TIR y VPN. | |
| 650 | 7 | |a NUEVAS EMPRESAS | |
| 650 | 7 | |b ESTUDIOS DE FACTIBILIDAD | |
| 650 | 7 | |c ESTUDIO DE MERCADO | |
| 650 | 7 | |d ESTUDIO FINANCIERO | |
| 650 | 7 | |e PRODUCTOS NATURALES-NICARAGUA | |
| 700 | 1 | |a Tutor: |b Boza Castro, Freddy Fernando | |
| 942 | |c BK |2 ddc | ||
| 991 | |a TESIS | ||
| 999 | |c 16844 | ||